[Event "Lichtenberger Sommer 2017"]
[Site "Berlin"]
[Date "2017.08.19"]
[Round "1.28"]
[White "Dimitrijeski, Kristian"]
[Black "Bartoszewski-Reiski, Olaf"]
[Result "1/2-1/2"]
[WhiteElo "2182"]
[BlackElo "1740"]
[PlyCount "77"]
[EventDate "2017.??.??"]
[WhiteTeam "SK König Tegel"]
[BlackTeam "BKS Chemik Bydgoszcz"]

1. d4 Nf6 2. c4 g6 3. Nc3 Bg7 4. e4 d6 5. Nf3 O-O 6. Be2 Nbd7 7. O-O e5 8. d5
Nc5 9. Qc2 a5 10. Bg5 h6 11. Bh4 g5 12. Bg3 Nh5 13. Nd2 Nf4 14. f3 h5 15. b3 h4
16. Bf2 f5 17. Bxc5 dxc5 18. exf5 Bxf5 19. Nde4 Qe8 20. Rad1 Qg6 21. Bd3 g4 22.
fxg4 Bxg4 23. Rde1 Nxd3 24. Qxd3 Bf5 25. Qe2 b6 26. Nb5 h3 27. g3 Bxe4 28.
Rxf8+ Rxf8 29. Qxe4 Qf7 30. Qe2 Qd7 31. Rf1 Rxf1+ 32. Qxf1 Qg4 33. Kf2 Bh6 34.
Qe2 Qf5+ 35. Qf3 Qc2+ 36. Qe2 Qf5+ 37. Qf3 Qc2+ 38. Qe2 Qf5+ 39. Qf3 1/2-1/2

[Event "Lichtenberger Sommer 2017"]
[Site "Berlin"]
[Date "2017.08.19"]
[Round "1.29"]
[White "Mayer, Herbert"]
[Black "Mätzkow, Maximilian Paul"]
[Result "0-1"]
[WhiteElo "1867"]
[BlackElo "2172"]
[PlyCount "48"]
[EventDate "2017.??.??"]
[WhiteTeam "SC Rochade (Berlin)"]
[BlackTeam "ESV Eberswalde"]

1. c4 Nf6 2. Nc3 c5 3. g3 g6 4. Bg2 Bg7 5. Nf3 O-O 6. O-O Nc6 7. Rb1 d6 8. a3
Nd4 9. e3 Nxf3+ 10. Bxf3 Bf5 11. d3 Nd7 12. e4 Bh3 13. Re1 Ne5 14. Bg2 Qd7 15.
f4 Bg4 16. Qc2 Nf3+ 17. Bxf3 Bxf3 18. Nd1 f5 19. Qf2 fxe4 20. dxe4 Bd4 21. Be3
Bxe4 22. Rc1 Bxe3 23. Qxe3 Bc6 24. Qxe7 Rae8 0-1

[Event "Lichtenberger Sommer 2017"]
[Site "Berlin"]
[Date "2017.08.19"]
[Round "1.30"]
[White "Behrmann, Joachim"]
[Black "Krüger, Detlef"]
[Result "1-0"]
[WhiteElo "2206"]
[BlackElo "1816"]
[PlyCount "85"]
[EventDate "2017.??.??"]
[WhiteTeam "SK Zehlendorf"]
[BlackTeam "TSG Fredersdorf/Vogelsdorf"]

1. d4 Nf6 2. c4 g6 3. Nc3 Bg7 4. e4 d6 5. f4 O-O 6. Nf3 Bg4 7. Be3 Nbd7 8. Be2
c5 9. d5 Nb6 10. Qd3 Nfd7 11. h3 Bxf3 12. Bxf3 a6 13. g4 Qc7 14. h4 Rae8 15. h5
Bd4 16. Bd2 e6 17. dxe6 Rxe6 18. O-O-O Nc8 19. g5 f5 20. gxf6 Rexf6 21. Bg4 Ne7
22. hxg6 Rxg6 23. Bxd7 Qxd7 24. f5 Rg2 25. Qh3 Rg7 26. Bh6 Nc6 27. Bxg7 Qxg7
28. Rd2 Qd7 29. Rg2+ Kh8 30. Nd5 Ne5 31. Nf4 Rg8 32. Ng6+ Nxg6 33. fxg6 Qxh3
34. Rxh3 Rg7 35. Rxh7+ Rxh7 36. gxh7 Kxh7 37. Kc2 Bg7 38. Kb3 Kg8 39. Rg6 Kf7
40. Rxd6 b5 41. Rxa6 bxc4+ 42. Kxc4 Bd4 43. b4 1-0

[Event "Lichtenberger Sommer 2017"]
[Site "Berlin"]
[Date "2017.08.19"]
[Round "1.31"]
[White "Schauties, Nico Antonio"]
[Black "Amelang, Thomas"]
[Result "0-1"]
[WhiteElo "1690"]
[BlackElo "2178"]
[PlyCount "50"]
[EventDate "2017.??.??"]
[WhiteTeam "SV Mattnetz Berlin"]
[BlackTeam "Münchener SC"]

1. d4 c5 2. d5 Nf6 3. c4 b5 4. cxb5 a6 5. Nc3 g6 6. g3 Bg7 7. Bg2 d6 8. e4 axb5
9. Nxb5 Ba6 10. Nc3 Nbd7 11. Nge2 Qb6 12. O-O O-O 13. b3 Ne5 14. Na4 Qb5 15.
Nec3 Qb7 16. Re1 Nd3 17. Re3 Nxc1 18. Rxc1 Nd7 19. Bf1 Rfb8 20. Bxa6 Qxa6 21.
Qe2 Qa5 22. Qd2 Rb4 23. Kg2 c4 24. Rb1 Rab8 25. bxc4 Rxa4 0-1

[Event "Lichtenberger Sommer 2017"]
[Site "Berlin"]
[Date "2017.08.19"]
[Round "1.32"]
[White "Moser, Axel"]
[Black "Pixa, Ulrich"]
[Result "1-0"]
[WhiteElo "2159"]
[BlackElo "1598"]
[PlyCount "81"]
[EventDate "2017.??.??"]
[WhiteTeam "SC Kreuzberg"]
[BlackTeam "SV Mattnetz Berlin"]

1. d4 Nf6 2. Nf3 e6 3. c4 Bb4+ 4. Nbd2 O-O 5. a3 Bxd2+ 6. Qxd2 d5 7. e3 Nbd7 8.
Qc2 Re8 9. cxd5 exd5 10. Bd3 c6 11. O-O Ne4 12. b4 a6 13. Ne1 Ndf6 14. f3 Nd6
15. g4 h6 16. Ng2 a5 17. Bd2 axb4 18. Bxb4 Qd7 19. Rac1 Kh8 20. Qc5 Nb5 21.
Bxb5 cxb5 22. Rfe1 Ra6 23. Qc7 Rc6 24. Rxc6 bxc6 25. Qg3 Nh7 26. h4 Nf8 27. Nf4
Ne6 28. Nd3 Qc7 29. Qxc7 Nxc7 30. Ne5 Re6 31. Nxf7+ Kg8 32. Ne5 g6 33. Rc1 Bb7
34. Kf2 Kg7 35. f4 Ne8 36. g5 h5 37. Ke2 Kg8 38. Kd2 Nd6 39. Bxd6 Rxd6 40. Kc3
Kf8 41. Kb4 1-0

[Event "Lichtenberger Sommer 2017"]
[Site "Berlin"]
[Date "2017.08.19"]
[Round "1.33"]
[White "Reck, Jessica"]
[Black "Jaeschke, Jens-Uwe"]
[Result "1/2-1/2"]
[WhiteElo "1730"]
[BlackElo "2119"]
[PlyCount "61"]
[EventDate "2017.??.??"]
[WhiteTeam "SK König Tegel"]
[BlackTeam "SF Nordost Berlin"]

1. e4 e5 2. Nf3 Nc6 3. Bc4 Nf6 4. d3 Be7 5. c3 O-O 6. O-O d6 7. Nbd2 Na5 8. Bb5
a6 9. Ba4 b5 10. Bc2 c5 11. Re1 Nc6 12. Nf1 h6 13. Ng3 Re8 14. h3 Bf8 15. Nh2
d5 16. Qf3 Be6 17. Ng4 Nxg4 18. hxg4 g6 19. exd5 Bxd5 20. Ne4 Bxe4 21. Rxe4 Ra7
22. Bb3 Rd7 23. a3 c4 24. dxc4 Na5 25. Bc2 Nxc4 26. b3 Nd2 27. Bxd2 Rxd2 28.
Re2 Qg5 29. b4 Rxe2 30. Qxe2 Rd8 31. Rd1 1/2-1/2

[Event "Lichtenberger Sommer 2017"]
[Site "Berlin"]
[Date "2017.08.19"]
[Round "1.34"]
[White "Krefenstein, Sergej"]
[Black "Woinowski, Michael"]
[Result "1/2-1/2"]
[WhiteElo "2173"]
[BlackElo "1761"]
[PlyCount "83"]
[EventDate "2017.??.??"]
[WhiteTeam "TuS Makkabi Berlin"]
[BlackTeam "SC Kreuzberg"]

1. d4 Nf6 2. c4 e6 3. Nc3 Bb4 4. e3 O-O 5. Nge2 c5 6. a3 Bxc3+ 7. Nxc3 d6 8.
Be2 Nbd7 9. O-O b6 10. Bf3 Rb8 11. Nb5 Qe7 12. Nxa7 Bb7 13. Nc6 Bxc6 14. Bxc6
Rfc8 15. Bxd7 Qxd7 16. b3 h6 17. Bb2 Qe7 18. Qd3 d5 19. cxd5 exd5 20. Rac1 Qe6
21. dxc5 bxc5 22. Bxf6 gxf6 23. Rb1 c4 24. bxc4 dxc4 25. Qd4 Rxb1 26. Rxb1 c3
27. Rc1 Rc4 28. Qd8+ Kg7 29. h3 Qc6 30. Qd3 c2 31. Qb3 Rc3 32. Qb2 Qc4 33. a4
Qd3 34. Kh2 Qd6+ 35. Kg1 Qd1+ 36. Kh2 Qd6+ 37. g3 Qd2 38. Kg1 Qd1+ 39. Kg2 Qd5+
40. Kh2 Qd2 41. Kg2 Qd5+ 42. Kg1 1/2-1/2

[Event "Lichtenberger Sommer 2017"]
[Site "Berlin"]
[Date "2017.08.19"]
[Round "1.35"]
[White "Rehmsmeier, Marc"]
[Black "Vogel, Robert"]
[Result "1/2-1/2"]
[WhiteElo "1698"]
[BlackElo "2154"]
[PlyCount "80"]
[EventDate "2017.??.??"]
[WhiteTeam "vereinslos"]
[BlackTeam "SG Pang-Rosenheim"]

1. d4 Nf6 2. c4 c5 3. d5 e6 4. Nc3 exd5 5. cxd5 d6 6. e4 g6 7. Bd3 Bg7 8. h3
O-O 9. Nf3 b5 10. Bxb5 Nxe4 11. Nxe4 Qa5+ 12. Nfd2 Qxb5 13. Nxd6 Qd3 14. N2c4
Qxd1+ 15. Kxd1 Ba6 16. Kc2 Nd7 17. Bf4 Rfd8 18. Rad1 Nf6 19. Ne3 Rd7 20. Ndc4
Bxc4 21. Nxc4 Nxd5 22. Be5 Rad8 23. a3 f6 24. Bg3 Bh6 25. f3 Kf7 26. Rhe1 Bf8
27. Rd2 Bh6 28. Rdd1 Nf4 29. Bxf4 Bxf4 30. Rxd7+ Rxd7 31. Rd1 Rxd1 32. Kxd1 Ke6
33. Kc2 Kd5 34. Kd3 h5 35. g4 Bc1 36. a4 Bf4 37. b3 Bg5 38. Kc3 f5 39. gxh5
gxh5 40. Kd3 Bh6 1/2-1/2

[Event "Lichtenberger Sommer 2017"]
[Site "Berlin"]
[Date "2017.08.19"]
[Round "1.37"]
[White "Ros Gorne, Ramon"]
[Black "Hesse, Henrik"]
[Result "0-1"]
[WhiteElo "1645"]
[BlackElo "2124"]
[PlyCount "38"]
[EventDate "2017.??.??"]
[WhiteTeam "Sant Boi de Llobregat"]
[BlackTeam "SV Mattnetz Berlin"]

1. e4 c5 2. Nc3 Nc6 3. g3 e6 4. Bg2 Nf6 5. Nf3 d5 6. exd5 exd5 7. O-O Be7 8. d4
h6 9. Re1 O-O 10. a3 Bg4 11. dxc5 Bxc5 12. b4 Bd4 13. Qd2 Ne4 14. Nxe4 Bxa1 15.
Nc5 b6 16. Nd3 Rc8 17. Bb2 Bxb2 18. Nxb2 Bxf3 19. Bxf3 Qf6 0-1

[Event "Lichtenberger Sommer 2017"]
[Site "Berlin"]
[Date "2017.08.19"]
[Round "1.38"]
[White "Möller, Dustin"]
[Black "Matthes, Aaron"]
[Result "1-0"]
[WhiteElo "2081"]
[BlackElo "1736"]
[PlyCount "87"]
[EventDate "2017.??.??"]
[WhiteTeam "Eckernförder SC"]
[BlackTeam "SC Oranienburg"]

1. d4 d5 2. c4 e6 3. Nf3 Nf6 4. Nc3 Nbd7 5. Bf4 a6 6. c5 Be7 7. e3 Nh5 8. Bd3
Nxf4 9. exf4 b6 10. b4 Bb7 11. O-O Nf6 12. Re1 O-O 13. Qe2 Re8 14. Ne5 c6 15.
g4 g6 16. Na4 b5 17. Nb6 Rb8 18. a4 Qc7 19. axb5 cxb5 20. h4 Ne4 21. f3 Bxh4
22. fxe4 dxe4 23. Bxe4 Bxe4 24. Qxe4 Bxe1 25. Rxe1 Rbd8 26. Nc6 f5 27. Qf3 fxg4
28. Qe4 Rb8 29. Nxb8 Qxb8 30. Kg2 Qd8 31. d5 Qh4 32. Rh1 Qf6 33. Qe5 Qf7 34. d6
Qb7+ 35. Kg1 Qf3 36. Qe1 e5 37. Nd7 Qxf4 38. Qf2 Qxf2+ 39. Kxf2 Kf7 40. Rxh7+
Ke6 41. Nb6 Rf8+ 42. Kg3 Rf3+ 43. Kxg4 e4 44. Re7+ 1-0

[Event "Lichtenberger Sommer 2017"]
[Site "Berlin"]
[Date "2017.08.19"]
[Round "1.39"]
[White "Karyah, Thomas"]
[Black "Elsing, Jan"]
[Result "0-1"]
[WhiteElo "1664"]
[BlackElo "2140"]
[PlyCount "86"]
[EventDate "2017.??.??"]
[WhiteTeam "SC Zugzwang 95 (Berlin)"]
[BlackTeam "SC Friesen Lichtenberg"]

1. e4 Nf6 2. Nc3 d5 3. e5 Nfd7 4. d4 e6 5. Nf3 c5 6. Bb5 Nc6 7. O-O Be7 8. Re1
O-O 9. Bf1 f6 10. a4 cxd4 11. Nxd4 Nxd4 12. Qxd4 fxe5 13. Qg4 Nf6 14. Qg3 e4
15. Be2 Bd7 16. Bf4 Bc6 17. Be5 Bc5 18. Rf1 Qb6 19. a5 Qd8 20. Kh1 Qe8 21. Rab1
Bb4 22. a6 b6 23. Na2 Be7 24. c4 Rc8 25. Rfd1 Qg6 26. Qxg6 hxg6 27. Nc3 Rcd8
28. b4 dxc4 29. Bxc4 Rxd1+ 30. Rxd1 Bxb4 31. Bxe6+ Kh7 32. Bd6 Bxd6 33. Rxd6 e3
34. Rxc6 exf2 35. Bc4 Ng4 36. g3 Ne3 37. Bf1 Nxf1 38. Ne2 Ne3 39. Rc1 f1=Q+ 40.
Rxf1 Rxf1+ 41. Ng1 b5 42. h4 b4 43. Kh2 b3 0-1

[Event "Lichtenberger Sommer 2017"]
[Site "Berlin"]
[Date "2017.08.19"]
[Round "1.40"]
[White "Roth, Josef"]
[Black "Günther, Boris"]
[Result "1-0"]
[WhiteElo "2032"]
[BlackElo "1693"]
[PlyCount "65"]
[EventDate "2017.??.??"]
[WhiteTeam "SK König Tegel"]
[BlackTeam "SF Friedrichshagen"]

1. e4 e5 2. Nf3 Nc6 3. Bc4 Nf6 4. d3 Be7 5. O-O d6 6. c3 Be6 7. Bxe6 fxe6 8.
Ng5 Kd7 9. Nf7 Qc8 10. Nxh8 h6 11. d4 exd4 12. cxd4 Qxh8 13. d5 exd5 14. exd5
Ne5 15. Qa4+ Kc8 16. Nc3 a6 17. Be3 Qf8 18. Rad1 Kb8 19. Qf4 g5 20. Qf5 Nc4 21.
Bc1 Qg7 22. f4 g4 23. b3 Nb6 24. Ne4 Nfxd5 25. Rxd5 Nxd5 26. Qxd5 c6 27. Qd2
Kc7 28. Bb2 Qh7 29. f5 Rf8 30. Qf4 h5 31. f6 Qg6 32. Ba3 Kd7 33. Bxd6 1-0

[Event "Lichtenberger Sommer 2017"]
[Site "Berlin"]
[Date "2017.08.19"]
[Round "1.41"]
[White "Fock, Amina"]
[Black "Jahn, Thomas"]
[Result "0-1"]
[WhiteElo "1587"]
[BlackElo "2191"]
[PlyCount "100"]
[EventDate "2017.??.??"]
[WhiteTeam "SC Zugzwang 95 (Berlin)"]
[BlackTeam "SV Empor Berlin"]

1. e4 e5 2. Nf3 Nc6 3. Bb5 a6 4. Ba4 Nf6 5. O-O Be7 6. Re1 b5 7. Bb3 d6 8. h3
O-O 9. c3 Na5 10. Bc2 c5 11. d3 Nd7 12. Nbd2 Bf6 13. Nf1 Nb6 14. Be3 Nc6 15.
Rc1 a5 16. Bb1 a4 17. Qd2 b4 18. a3 Na5 19. Ba2 b3 20. Bb1 Ba6 21. Ng3 Bc8 22.
Kh2 g6 23. Bh6 Bg7 24. h4 Bg4 25. Bg5 f6 26. Bh6 d5 27. Bxg7 Kxg7 28. Qe3 d4
29. Qd2 Nc6 30. Rh1 Bxf3 31. gxf3 dxc3 32. Qxc3 Nd4 33. Qxc5 Nxf3+ 34. Kg2 Rc8
35. Qe3 Rxc1 36. Qxc1 Nd4 37. h5 g5 38. h6+ Kg8 39. Nh5 Qd7 40. f3 Qe6 41. Kf2
Rc8 42. Qd2 Nd7 43. Rc1 Rxc1 44. Qxc1 Qc6 45. Qc4+ Qxc4 46. dxc4 Kf7 47. Bd3
Kg6 48. Ng3 Nc5 49. Ke3 Kxh6 50. Ne2 Nxf3 0-1

[Event "Lichtenberger Sommer 2017"]
[Site "Berlin"]
[Date "2017.08.19"]
[Round "1.42"]
[White "Buehler, Florian"]
[Black "Klühs, Gustaf"]
[Result "1-0"]
[WhiteElo "2063"]
[BlackElo "1680"]
[PlyCount "75"]
[EventDate "2017.??.??"]
[WhiteTeam "Spgem Kötz/Ichenhausen"]
[BlackTeam "Borussia Friedrichsfelde"]

1. d4 Nf6 2. c4 e5 3. e3 exd4 4. exd4 d6 5. Nc3 c6 6. Bd3 Be7 7. h3 O-O 8. Nge2
d5 9. Bf4 dxc4 10. Bxc4 Bd6 11. O-O Bxf4 12. Nxf4 Nbd7 13. Re1 Nb6 14. Bd3 Nbd5
15. Nfxd5 Nxd5 16. Qh5 g6 17. Qh6 Qb6 18. Bc4 Be6 19. Ne4 Qxd4 20. Ng5 Qg7 21.
Qxg7+ Kxg7 22. Nxe6+ fxe6 23. Rxe6 Rad8 24. Rd1 Rf6 25. Re5 Rf5 26. Rxf5 gxf5
27. f4 Kf6 28. Kf2 Ke6 29. g4 fxg4 30. hxg4 Rf8 31. Bxd5+ cxd5 32. Kf3 h6 33.
Rh1 Rf6 34. Rh5 b6 35. Ke3 Rg6 36. Kf3 Rf6 37. Ke3 Rg6 38. f5+ 1-0

[Event "Lichtenberger Sommer 2017"]
[Site "Berlin"]
[Date "2017.08.19"]
[Round "1.43"]
[White "Udet, Fabian"]
[Black "Rohde, Wolfgang"]
[Result "0-1"]
[WhiteElo "1680"]
[BlackElo "2125"]
[PlyCount "94"]
[EventDate "2017.??.??"]
[WhiteTeam "1. SC Anhalt"]
[BlackTeam "SC Friesen Lichtenberg"]

1. e4 c5 2. c3 d5 3. exd5 Qxd5 4. d4 Nf6 5. Nf3 Nc6 6. Be2 e6 7. O-O Be7 8. h3
O-O 9. Be3 cxd4 10. cxd4 Rd8 11. Nc3 Qd6 12. Qd2 Nd5 13. Nxd5 Qxd5 14. Rfd1 Bd7
15. a3 Na5 16. Qd3 a6 17. b4 Bb5 18. Qc2 Rac8 19. Qb2 Bxe2 20. Qxe2 Nc4 21. Bf4
b5 22. Ne5 Bf6 23. Nf3 Nb6 24. Rac1 Rc4 25. Bc7 Rc8 26. Rxc4 Nxc4 27. Be5 Be7
28. Rd3 Rd8 29. Rc3 Rc8 30. Rd3 Nb6 31. Qb2 Qc4 32. Qe2 Nd5 33. Nd2 Qc1+ 34.
Kh2 Bf8 35. Rg3 g6 36. Ne4 Qh6 37. Nc5 Rc6 38. Qf3 Bg7 39. Qd3 f6 40. Bb8 Qc1
41. Rf3 Qc4 42. Qe4 e5 43. dxe5 Rxc5 44. Qe1 Rc8 45. exf6 Nxf6 46. Bd6 Re8 47.
Qd2 Ne4 0-1

[Event "Lichtenberger Sommer 2017"]
[Site "Berlin"]
[Date "2017.08.19"]
[Round "1.44"]
[White "Segerberg, Tomas"]
[Black "Dittrich, Hans-Georg"]
[Result "1-0"]
[WhiteElo "2077"]
[BlackElo "1742"]
[PlyCount "113"]
[EventDate "2017.??.??"]
[WhiteTeam "SG NARVA Berlin"]
[BlackTeam "SG Stadtilm"]

1. c4 b6 2. d4 c5 3. d5 d6 4. Nc3 g6 5. e4 Bg7 6. Be2 e6 7. Nf3 Ne7 8. O-O exd5
9. Nxd5 O-O 10. Bg5 Nbc6 11. Nxe7+ Nxe7 12. Qd2 Qc7 13. Rad1 Bb7 14. Bd3 Nc6
15. b3 Ne5 16. Ne1 f6 17. Bf4 Qc6 18. f3 g5 19. Bg3 g4 20. Bxe5 dxe5 21. fxg4
Rad8 22. Qe2 Rd7 23. Nc2 Bh6 24. Ne3 Bxe3+ 25. Qxe3 Rd4 26. Rde1 Qd7 27. Rf3
Rf7 28. h3 Rg7 29. Bc2 Qd6 30. Ref1 Rg6 31. Rg3 Rd2 32. Rf2 Rxf2 33. Kxf2 Rg7
34. Qc3 Rd7 35. Rd3 Qe6 36. Qd2 Rd4 37. Rxd4 exd4 38. Qd3 Qe5 39. Qf3 Kg7 40.
Bd3 Qg5 41. Kg3 Bc6 42. Qf4 Be8 43. h4 Qe5 44. g5 Bg6 45. gxf6+ Qxf6 46. Qxf6+
Kxf6 47. Kf4 Ke6 48. g4 h5 49. gxh5 Bxh5 50. Kg5 Bf3 51. h5 Ke5 52. h6 Bxe4 53.
Bxe4 Kxe4 54. h7 d3 55. h8=Q d2 56. Qa1 Ke3 57. Qd1 1-0

[Event "Lichtenberger Sommer 2017"]
[Site "Berlin"]
[Date "2017.08.19"]
[Round "1.45"]
[White "Schneider, Eckehard"]
[Black "Guenther, Thomas"]
[Result "0-1"]
[WhiteElo "1792"]
[BlackElo "2061"]
[PlyCount "52"]
[EventDate "2017.??.??"]
[WhiteTeam "SF 1903 Berlin"]
[BlackTeam "SV Senat (FV Schach)"]

1. e4 c5 2. c3 d6 3. d4 Nf6 4. Bd3 cxd4 5. cxd4 g6 6. Nc3 Bg7 7. Nf3 O-O 8. O-O
Bg4 9. h3 Bxf3 10. Qxf3 Nc6 11. Be3 Nd7 12. d5 Nce5 13. Qe2 a6 14. Bc2 Rc8 15.
Bb3 b5 16. Rac1 Nc5 17. Bxc5 Rxc5 18. Qe3 Qa5 19. Rfd1 Rfc8 20. f4 Nc4 21. Qe2
Nxb2 22. Qxb2 Bxc3 23. Qb1 Qa3 24. Kh1 a5 25. Rf1 Qb4 26. e5 a4 0-1

[Event "Lichtenberger Sommer 2017"]
[Site "Berlin"]
[Date "2017.08.19"]
[Round "1.46"]
[White "Kornrumpf, Joachim"]
[Black "Prix, Siegfried"]
[Result "1-0"]
[WhiteElo "2074"]
[BlackElo "1746"]
[PlyCount "59"]
[EventDate "2017.??.??"]
[WhiteTeam "Preetzer TSV"]
[BlackTeam "SF 1903 Berlin"]

1. Nf3 d5 2. b3 c5 3. Bb2 Nc6 4. e3 Bg4 5. Be2 Qc7 6. c4 Rd8 7. cxd5 Rxd5 8. h3
Bh5 9. O-O e5 10. Nc3 Rd8 11. Nb5 Qb8 12. d4 Nf6 13. Nxe5 Bxe2 14. Qxe2 Nxe5
15. dxe5 Nd7 16. e6 fxe6 17. Qg4 Kf7 18. Qh5+ Ke7 19. Rad1 Nf6 20. Qxc5+ Kf7
21. Qc4 Be7 22. Nd4 Qe5 23. Qe2 Bd6 24. Nf3 Qh5 25. Rd4 Rd7 26. Rfd1 Rhd8 27.
e4 Bc5 28. Rxd7+ Rxd7 29. Rxd7+ Nxd7 30. Ne5+ 1-0

[Event "Lichtenberger Sommer 2017"]
[Site "Berlin"]
[Date "2017.08.19"]
[Round "1.47"]
[White "Schröder, Justin"]
[Black "Heuser, Philip"]
[Result "0-1"]
[WhiteElo "1647"]
[BlackElo "2041"]
[PlyCount "102"]
[EventDate "2017.??.??"]
[WhiteTeam "Leegebrucher SF"]
[BlackTeam "Münchener SC"]

1. d4 Nf6 2. Bf4 d5 3. e3 c6 4. c3 Bf5 5. Bd3 Bg6 6. Bxg6 hxg6 7. h3 e6 8. Nd2
Bd6 9. Qb3 Bxf4 10. exf4 Qc7 11. Ne2 Nbd7 12. g3 a6 13. Nc1 c5 14. dxc5 Nxc5
15. Qb4 Rc8 16. Ndb3 Nfe4 17. Nxc5 Nxc5 18. Qd4 O-O 19. O-O b5 20. Nd3 Na4 21.
Rab1 Qc4 22. Qxc4 bxc4 23. Ne5 Rc7 24. Rfc1 Rb8 25. b3 cxb3 26. Rxb3 Rxb3 27.
axb3 Nxc3 28. Ra1 Ra7 29. Kf1 Ra8 30. Nd7 a5 31. Nc5 Kf8 32. Nb7 a4 33. bxa4
Rxa4 34. Rxa4 Nxa4 35. Nd6 Nc3 36. Nb7 Ke7 37. Ke1 Ne4 38. g4 Kd7 39. f3 Kc7
40. fxe4 Kxb7 41. e5 Kc6 42. Kd2 d4 43. Kd3 Kd5 44. h4 Kc5 45. Ke4 Kc4 46. f5
exf5+ 47. gxf5 gxf5+ 48. Kxf5 d3 49. e6 fxe6+ 50. Kxe6 d2 51. Kf7 d1=Q 0-1

[Event "Lichtenberger Sommer 2017"]
[Site "Berlin"]
[Date "2017.08.19"]
[Round "1.48"]
[White "Schliebener, Stephan"]
[Black "Schmalisch, Bastian"]
[Result "1-0"]
[WhiteElo "2126"]
[BlackElo "1600"]
[PlyCount "59"]
[EventDate "2017.??.??"]
[WhiteTeam "BSV 63 Chemie Weißensee"]
[BlackTeam "vereinslos"]

1. c4 Nf6 2. Nc3 e5 3. e4 d6 4. h3 c6 5. Nf3 Be7 6. d4 exd4 7. Nxd4 Nbd7 8. Be2
Nb6 9. O-O O-O 10. Qc2 Re8 11. Bf4 Bf8 12. b3 Nbd7 13. Rad1 Nc5 14. Bf3 Ne6 15.
Nxe6 Rxe6 16. e5 Ne8 17. exd6 Qf6 18. Qd2 Bxd6 19. Bxd6 Rxd6 20. Ne4 Rxd2 21.
Nxf6+ Nxf6 22. Rxd2 Bd7 23. Rfd1 Be8 24. Rd8 Rxd8 25. Rxd8 Kf8 26. Rb8 b6 27.
Bxc6 Ke7 28. Bxe8 Nxe8 29. Rb7+ Kf6 30. Rxa7 1-0

[Event "Lichtenberger Sommer 2017"]
[Site "Berlin"]
[Date "2017.08.19"]
[Round "1.49"]
[White "Stein, Siegfried"]
[Black "Hahlbohm, Matthias"]
[Result "0-1"]
[WhiteElo "1761"]
[BlackElo "2106"]
[PlyCount "74"]
[EventDate "2017.??.??"]
[WhiteTeam "SV Berolina Mitte"]
[BlackTeam "TSG Oberschöneweide"]

1. e4 c5 2. Nf3 Nc6 3. Bb5 g6 4. O-O Bg7 5. c3 d5 6. Qa4 Qd6 7. e5 Qc7 8. d4
cxd4 9. Nxd4 Bd7 10. Bf4 e6 11. Nd2 Nge7 12. N2f3 O-O 13. Rfe1 a6 14. Bxc6 Nxc6
15. Bg3 Nxe5 16. Qb3 Nxf3+ 17. Nxf3 Qc8 18. Rac1 b5 19. Ne5 Bc6 20. Qb4 Qb7 21.
Qh4 f6 22. Nf3 e5 23. Rcd1 a5 24. b3 b4 25. c4 d4 26. Qh3 Bd7 27. Qh4 g5 28.
Qh5 Qc8 29. h3 h6 30. Nh2 Be8 31. Qf3 Bg6 32. Qd5+ Kh8 33. Rc1 Rd8 34. Qf3 d3
35. Rcd1 e4 36. Rxe4 Bxe4 37. Qxe4 f5 0-1

[Event "Lichtenberger Sommer 2017"]
[Site "Berlin"]
[Date "2017.08.19"]
[Round "1.50"]
[White "Neumann, Thomas"]
[Black "Weber, Gerald"]
[Result "1-0"]
[WhiteElo "2128"]
[BlackElo "1761"]
[PlyCount "63"]
[EventDate "2017.??.??"]
[WhiteTeam "Borussia Friedrichsfelde"]
[BlackTeam "SSV Rotation Berlin"]

1. e4 c6 2. d4 d5 3. e5 e6 4. Bd3 c5 5. c3 Nc6 6. Nf3 Qb6 7. O-O h6 8. dxc5
Bxc5 9. b4 Be7 10. a4 Qc7 11. Re1 a6 12. Nbd2 Bd7 13. Nb3 Bd8 14. h3 Nge7 15.
Bc2 O-O 16. Bb2 Nf5 17. Bxf5 exf5 18. Qxd5 Be6 19. Qd1 Be7 20. Nbd4 Rad8 21.
Nxe6 fxe6 22. Qb3 Kf7 23. Nd4 Nxd4 24. cxd4 Rd5 25. Rac1 Qb6 26. Rc4 Rfd8 27.
Rec1 R8d7 28. R1c2 g5 29. Kh1 Kg7 30. Kh2 Bd8 31. Rc8 Be7 32. R2c4 1-0

[Event "Lichtenberger Sommer 2017"]
[Site "Berlin"]
[Date "2017.08.19"]
[Round "1.51"]
[White "Schiller, Stephan"]
[Black "Sabrowski, Uwe"]
[Result "0-1"]
[WhiteElo "1584"]
[BlackElo "2122"]
[PlyCount "130"]
[EventDate "2017.??.??"]
[WhiteTeam "SV Motor Wildau"]
[BlackTeam "SC Friesen Lichtenberg"]

1. d4 f5 2. c4 Nf6 3. Nc3 g6 4. Nf3 Bg7 5. Bf4 d6 6. Bd2 O-O 7. e3 Qe8 8. Be2
e5 9. Qb3 Kh8 10. O-O-O e4 11. Ng5 Na6 12. Kb1 c6 13. h4 Bh6 14. Nh3 Nc7 15.
Rc1 Ne6 16. Nd1 Rb8 17. Bc3 Bg7 18. Qa3 Qe7 19. Qxa7 Bd7 20. Qb6 Qd8 21. Qxd8
Rfxd8 22. f3 exf3 23. gxf3 Re8 24. Bd3 d5 25. Ng5 Kg8 26. Nxe6 Bxe6 27. c5 Bf7
28. Bd2 Bh6 29. f4 Ng4 30. Rg1 Bg7 31. Rg3 Bf6 32. h5 Kg7 33. hxg6 Bxg6 34. Nc3
h5 35. Be2 Kf7 36. Bxg4 fxg4+ 37. Ka1 Bf5 38. Nd1 h4 39. Rg1 g3 40. Be1 Bg4 41.
Bxg3 hxg3 42. Rxg3 Bf5 43. a3 Rh8 44. Rg1 Rh2 45. Rc3 Rbh8 46. Ka2 Bc2 47. Rf1
Rg8 48. Rf2 Rxf2 49. Nxf2 Bf5 50. Nd3 Bxd3 51. Rxd3 Ke6 52. Rb3 Rg7 53. Kb1 Kf5
54. Kc2 Ke4 55. Kd2 Bd8 56. Rc3 Rg2+ 57. Kc1 Ba5 58. b4 Bd8 59. a4 Ra2 60. a5
Re2 61. a6 bxa6 62. Ra3 Rxe3 63. Rxa6 Kxd4 64. Rxc6 Kc3 65. Kd1 Bh4 0-1

[Event "Lichtenberger Sommer 2017"]
[Site "Berlin"]
[Date "2017.08.19"]
[Round "1.52"]
[White "Krüger, Robin-Kevin"]
[Black "Ho, Ngoc Hai-Dang"]
[Result "1-0"]
[WhiteElo "1930"]
[BlackElo "1499"]
[PlyCount "51"]
[EventDate "2017.??.??"]
[WhiteTeam "MTV Tostedt"]
[BlackTeam "SF Friedrichshagen"]

1. e4 e5 2. Nf3 Nc6 3. d4 exd4 4. Bc4 Bc5 5. O-O Nf6 6. e5 d5 7. exf6 dxc4 8.
fxg7 Rg8 9. Re1+ Be6 10. Bg5 Qd5 11. Nc3 Qf5 12. Ne4 Bb6 13. Nf6+ Ke7 14. Nxg8+
Kd6 15. Nf6 Ne7 16. Ne4+ Kd7 17. Nxd4 Bxd4 18. Qxd4+ Nd5 19. Rad1 c6 20. Nf6+
Kc7 21. Nxd5+ cxd5 22. Qc5+ Kd7 23. Be7 Qf4 24. Rxd5+ Bxd5 25. Qxd5+ Kc7 26.
Bd8+ 1-0

[Event "Lichtenberger Sommer 2017"]
[Site "Berlin"]
[Date "2017.08.19"]
[Round "1.53"]
[White "Stuckstedte, Hermann"]
[Black "Plaza Reino, Agustin"]
[Result "0-1"]
[WhiteElo "1564"]
[BlackElo "1963"]
[PlyCount "70"]
[EventDate "2017.??.??"]
[WhiteTeam "Königsjäger Süd-West"]
[BlackTeam "Enniscorthy Chess Club"]

1. e4 c5 2. Nf3 e6 3. Nc3 a6 4. a4 d6 5. d4 cxd4 6. Nxd4 b6 7. Bd3 Nf6 8. Qe2
Qc7 9. O-O Be7 10. Bd2 Nbd7 11. Nf3 Bb7 12. Rac1 O-O 13. Rfe1 Nc5 14. b3 Rfd8
15. Ng5 h6 16. Nh3 d5 17. e5 Nfe4 18. Nxe4 dxe4 19. Bc4 Qxe5 20. Qe3 Bf6 21.
Rb1 Qd6 22. Rbd1 Qc6 23. Be2 Rd7 24. Bb4 Rad8 25. Rxd7 Rxd7 26. Rd1 Rxd1+ 27.
Bxd1 Qd5 28. Be2 Bd4 29. Qg3 Be5 30. Qe3 Qd6 31. g3 Bd4 32. Qd2 e3 33. fxe3 Qc6
34. Bf1 Qh1+ 35. Kf2 Ne4+ 0-1